Statistics for Flags with Ships in them

Click here to take the quiz!

General Stats

  • This quiz has been taken 10 times
  • The average score is 1 of 16

Answer Stats

HintAnswer% Correct
North AmericaBelize
33%
CanadaNew Brunswick
33%
North AmericaCosta Rica
22%
South AmericaEcuador
11%
FranceFrench Polynesia
11%
USAGuam
11%
USANew Hampshire
11%
New ZealandTokelau
11%
USADelaware
0%
USAFlorida
0%
USANebraska
0%
USANew York
0%
USAOregon
0%
FranceParis
0%
USAPennsylvania
0%
USASouth Dakota
0%

Score Distribution

Percentile by Number Answered

Percent of People with Each Score

Your Score History

You have not taken this quiz